Polymers: structures and bulk properties
Uloženo v:
| Hlavní autor: | |
|---|---|
| Médium: | Kniha |
| Jazyk: | angličtina |
| Vydáno: |
Londres
D. Van Nostrand
1965
|
| Témata: | |
| Tagy: |
Přidat tag
Žádné tagy, Buďte první, kdo vytvoří štítek k tomuto záznamu!
|
MARC
| LEADER | 00000nam a2200000 a 4500 | ||
|---|---|---|---|
| 001 | UCZ0271 | ||
| 003 | CL-VaPUC | ||
| 008 | 950728e19650000UK |||||||||||||||||eng|d | ||
| 082 | 0 | 4 | |a 620.192 |b MEA |2 21 |
| 100 | |a Meares, Patrick |e autor |9 342980 | ||
| 245 | 1 | 0 | |a Polymers: structures and bulk properties |
| 300 | |a 381 p | ||
| 942 | |c BK | ||
| 945 | |d 19950728 00:00:00 |a awong | ||
| 260 | |a Londres |b D. Van Nostrand |c 1965 | ||
| 650 | 0 | |a Polímeros |9 271736 | |
| 650 | 7 | |a ELASTOMEROS |2 CL-VaPUC |9 271596 | |
| 650 | 0 | |a Propiedades físicas |9 342981 | |
| 650 | 0 | |a Propiedades mecánicas |9 262507 | |
| 583 | |a last modification |c 19950728 00:00:00 |k Rodrigo Vera | ||
| 999 | |c 237227 |d 237225 | ||
| 952 | |0 0 |1 0 |4 0 |6 620_192000000000000_MEA_1965 |7 0 |8 A |9 246102 |a BIBING |b BIBING |d 2019-11-18 |i 3111547 |o 620.192 MEA 1965 |p 3111547 |r 2025-01-20 |w 2019-11-18 |y BK |k ING | ||